000
00346 a2200169 4500
001
185784
020
_a
85-08-02058-9
040
_c
Magnum
100
_a
Rey, Marcos
240
1
0
_a
Sozinha no mundo
_l
por
245
1
0
_a
Sozinha no mundo
300
_a
126
362
0
_a
1994
440
1
_a
Ática
697
_a
LITERATURA JUVENIL
942
_c
BK
999
_c
185784
_d
185784